000 00803nam a22002177a 4500
999 _c13175
_d13175
001 16154
003 MIRAKIL
005 20190418140433.0
008 190418b tu ||||| |||| 00| 0 tur d
020 _a9786053328506
040 _aTR-AnCHP
_btur
_cTR-AnCHP
082 _a891.73
_bT64e 2016
100 _aTolstoy, L.N.
245 _aEfendi ile uşağı :
_bBir toprak sahibinin sabahı /
_cLev Nikolayeviç Tolstoy ; Rusça aslından çeviren Ayşe Hacıhasanoğlu
260 _aİstanbul :
_bTürkiye İş Bankası Kültür Yayınları ,
_c2016.
300 _a138 s.:
_c22 sm.
490 _aTürkiye İş Bankası Kültür Yayınları;
_aHasan Ali Yücel Klasikler Dizisi ;
_vGenel yayın : 3634
_v293.
650 _aRus edebiyatı
_xRoman
700 _aHacıhasanoğlu, Ayşe
_eçev.
942 _2ddc
_cBKS